| 000 -LEADER |
| fixed length control field |
01836cam a22004937a 4500 |
| 001 - CONTROL NUMBER |
| control field |
8580105 |
| 003 - CONTROL NUMBER IDENTIFIER |
| control field |
OSt |
| 005 - DATE AND TIME OF LATEST TRANSACTION |
| control field |
20211122095858.0 |
| 006 - FIXED-LENGTH DATA ELEMENTS--ADDITIONAL MATERIAL CHARACTERISTICS |
| fixed length control field |
m d |
| 007 - PHYSICAL DESCRIPTION FIXED FIELD--GENERAL INFORMATION |
| fixed length control field |
cr n |
| 008 - FIXED-LENGTH DATA ELEMENTS--GENERAL INFORMATION |
| fixed length control field |
091217s2010 gw a sb 001 0 eng d |
| 015 ## - NATIONAL BIBLIOGRAPHY NUMBER |
| National bibliography number |
10,N03 |
| Source |
dnb |
| 016 7# - NATIONAL BIBLIOGRAPHIC AGENCY CONTROL NUMBER |
| Record control number |
999263455 |
| Source |
DE-101 |
| 016 7# - NATIONAL BIBLIOGRAPHIC AGENCY CONTROL NUMBER |
| Record control number |
015703214 |
| Source |
Uk |
| 020 ## - INTERNATIONAL STANDARD BOOK NUMBER |
| International Standard Book Number |
9783642116919 (hdbk. : acidfree paper) |
| 035 ## - SYSTEM CONTROL NUMBER |
| System control number |
(WaSeSS)ssj0000429245 |
| 038 ## - RECORD CONTENT LICENSOR |
| Staff Name |
Khadija |
| 040 ## - CATALOGING SOURCE |
| Original cataloging agency |
BTCTA |
| Language of cataloging |
eng |
| Transcribing agency |
BTCTA |
| Modifying agency |
YDXCP |
| -- |
EMU |
| -- |
GWDNB |
| -- |
OHX |
| -- |
CDX |
| -- |
VRC |
| -- |
OCLCQ |
| -- |
UKMGB |
| -- |
OCLCQ |
| -- |
DLC |
| -- |
WaSeSS |
| 042 ## - AUTHENTICATION CODE |
| Authentication code |
lccopycat |
| 050 #4 - LIBRARY OF CONGRESS CALL NUMBER |
| Classification number |
TJ211.37 |
| Item number |
.S96 2010 |
| 050 #4 - LIBRARY OF CONGRESS CALL NUMBER |
| Classification number |
TJ211.37.S96 2010 |
| 082 04 - DEWEY DECIMAL CLASSIFICATION NUMBER |
| Classification number |
629.892 |
| Edition number |
22/ger |
| Author Mark |
SYM |
| 210 10 - ABBREVIATED TITLE |
| Abbreviated title |
Symbiotic multi-robot organisms |
| 245 00 - TITLE STATEMENT |
| Title |
Symbiotic multi-robot organisms : |
| Remainder of title |
reliability, adaptability, evolution / |
| Statement of responsibility, etc. |
Paul Levi and Serge Kernbach, (eds.). |
| 260 ## - PUBLICATION, DISTRIBUTION, ETC. |
| Place of publication, distribution, etc. |
Berlin : |
| Name of publisher, distributor, etc. |
Springer, |
| Date of publication, distribution, etc. |
2010. |
| 490 1# - SERIES STATEMENT |
| Series statement |
Cognitive systems monographs, |
| International Standard Serial Number |
1867-4925 ; |
| Volume/sequential designation |
v. 7 |
| 504 ## - BIBLIOGRAPHY, ETC. NOTE |
| Bibliography, etc. note |
Includes bibliographical references (p. [437]-466) and index. |
| 506 ## - RESTRICTIONS ON ACCESS NOTE |
| Terms governing access |
License restrictions may limit access. |
| 563 ## - BINDING INFORMATION |
| Binding note |
HB |
| 650 #0 - SUBJECT ADDED ENTRY--TOPICAL TERM |
| Topical term or geographic name entry element |
Evolutionary robotics. |
| 9 (RLIN) |
84824 |
| 650 07 - SUBJECT ADDED ENTRY--TOPICAL TERM |
| Topical term or geographic name entry element |
Mehrrobotersystem. |
| Source of heading or term |
swd |
| 9 (RLIN) |
84825 |
| 650 07 - SUBJECT ADDED ENTRY--TOPICAL TERM |
| Topical term or geographic name entry element |
Schwarmintelligenz. |
| Source of heading or term |
swd |
| 9 (RLIN) |
84826 |
| 650 07 - SUBJECT ADDED ENTRY--TOPICAL TERM |
| Topical term or geographic name entry element |
Künstliches Leben. |
| Source of heading or term |
swd |
| 9 (RLIN) |
84827 |
| 650 07 - SUBJECT ADDED ENTRY--TOPICAL TERM |
| Topical term or geographic name entry element |
Künstliche Evolution. |
| Source of heading or term |
swd |
| 9 (RLIN) |
84828 |
| 650 07 - SUBJECT ADDED ENTRY--TOPICAL TERM |
| Topical term or geographic name entry element |
Adaptivregelung. |
| Source of heading or term |
swd |
| 9 (RLIN) |
84829 |
| 650 07 - SUBJECT ADDED ENTRY--TOPICAL TERM |
| Topical term or geographic name entry element |
Embodiment. |
| Source of heading or term |
swd |
| 9 (RLIN) |
84830 |
| 700 1# - ADDED ENTRY--PERSONAL NAME |
| Personal name |
Levi, Paul. |
| 9 (RLIN) |
84831 |
| 700 1# - ADDED ENTRY--PERSONAL NAME |
| Personal name |
Kernbach, Serge. |
| 9 (RLIN) |
84832 |
| 773 #0 - HOST ITEM ENTRY |
| Title |
SpringerLink ebooks - Engineering (2010) |
| 830 #0 - SERIES ADDED ENTRY--UNIFORM TITLE |
| Uniform title |
Cognitive systems monographs ; |
| Volume/sequential designation |
v. 7. |
| 9 (RLIN) |
84833 |
| 856 40 - ELECTRONIC LOCATION AND ACCESS |
| Uniform Resource Identifier |
<a href="http://www.columbia.edu/cgi-bin/cul/resolve?clio8580105">http://www.columbia.edu/cgi-bin/cul/resolve?clio8580105</a> |
| Public note |
Full text available from SpringerLink ebooks - Engineering (2010) |
| 910 ## - USER-OPTION DATA (OCLC) |
| User-option data |
Library of Congress record |
| 942 ## - ADDED ENTRY ELEMENTS (KOHA) |
| Source of classification or shelving scheme |
|
| Koha item type |
Book |